مكتبة جامعة عجلون الوطنية

فهرس بحث المكتبة

Normal view MARC view
  • الإدارة المدرسية- التخطيط- الاستراتيجية

Entry Topical Term

Number of records used in: 1

001 - CONTROL NUMBER

  • control field: 59957

003 - CONTROL NUMBER IDENTIFIER

  • control field: JO-AjAnu

005 - DATE AND TIME OF LATEST TRANSACTION

  • control field: 20230606083812.0

008 - FIXED-LENGTH DATA ELEMENTS

  • fixed length control field: 230606|| aca||aabn | a|a d

040 ## - CATALOGING SOURCE

  • Original cataloging agency: JO-AjAnu
  • Transcribing agency: JO-AjAnu

150 ## - HEADING--TOPICAL TERM

  • Topical term or geographic name entry element: الإدارة المدرسية- التخطيط- الاستراتيجية

670 ## - SOURCE DATA FOUND

  • Source citation: Work cat.: (JO-AjAnu)30575: علي، عيد عبد الواحد، م.مشارك فايزة احمد احمد السيد، م.مشارك جبريل حسن العريشي, author 59956, التخطيط الإستراتيجي ودوره في الإصلاح المتمركز حول المدرسة